Power, protest, and participation (Record no. 155287)
[ view plain ]
| 000 -LEADER | |
|---|---|
| fixed length control field | 01363nam a2200337Ia 4500 |
| 082 04 - DEWEY DECIMAL CLASSIFICATION NUMBER | |
| Classification number | 305.5/2/0954 |
| 100 1# - MAIN ENTRY--AUTHOR NAME | |
| Personal name | Mitra, Subrata Kumar, |
| 245 10 - TITLE STATEMENT | |
| Title | Power, protest, and participation |
| 260 ## - PUBLICATION, DISTRIBUTION, ETC. (IMPRINT) | |
| Place of publication | London ; |
| -- | New York : |
| Name of publisher | Routledge, |
| Year of publication | 1992. |
| 300 ## - PHYSICAL DESCRIPTION | |
| Number of Pages | xvii, 315 p. : |
| Other physical details | ill. |
| 650 #0 - SUBJECT ADDED ENTRY--TOPICAL TERM | |
| Topical Term | Elite (Social sciences) |
| Topical Term | Rural development |
| Topical Term | Political participation |
| 856 40 - ELECTRONIC LOCATION AND ACCESS | |
| Uniform Resource Identifier | http://site.ebrary.com/lib/rucke/Doc?id=10060583 |
No items available.
